000 00291nam a22000977a 4500
999 _c508603
_d508603
082 _aT19x54 D49/G749g
100 _aIndia International Centre
_94035
245 _aGolden thread
_bEssays in honour of C.D. Deshmukh
_cIndia International Centre
260 _aNew Delhi
_bIIC
_c2012
300 _a414p.